| 000 | 00823nam a22002657a 4500 | ||
|---|---|---|---|
| 999 |
_c33693 _d33693 |
||
| 001 | 2971 | ||
| 003 | CO-MdFUSB | ||
| 005 | 20180622073126.0 | ||
| 008 | 180418t1981 sp ||||| |||| 00| 0 spa d | ||
| 020 | _a84-7293-079-3 | ||
| 040 |
_aCO-MdFUSB _bspa _cCO-MdFUSB _dCO-MdFUSBC _erda |
||
| 041 | 0 |
_aspa _heng |
|
| 082 | 0 | 4 | _aG 227.87 P526e |
| 100 | 1 |
_aPfeiffer, Charles F. _eautor |
|
| 245 | 3 |
_aLa epístola a los Hebreos _c/ Charles F. Pfeiffer ; Rhode Flores Barceló, Traductor |
|
| 250 | _a1 | ||
| 264 | 4 |
_aBarcelona, España : _bPortavoz, _c©1981 |
|
| 300 | _a127 Pag. | ||
| 336 |
_2rdacontent _atexto _btxt |
||
| 337 |
_2rdamedia _asin mediación _bn |
||
| 338 |
_2rdacarrier _avolumen _bnc |
||
| 500 | _aTítulo original : The Epistle to the Hebrews | ||
| 653 | _aBiblia N.T. - Hebreos - Comentarios | ||
| 942 | _cBK | ||